| 000 | 00414nam a22001697a 4500 | ||
|---|---|---|---|
| 003 | SGT | ||
| 020 | _a9789395736527 | ||
| 082 |
_a612 _bL25D |
||
| 100 | _aDAS, SABHASIS | ||
| 245 | _aLIPPINCOTT ILLUSTRATED REVIEWS PHYSIOLOGY | ||
| 250 | _a2ND | ||
| 260 |
_aINDIA _bWOLTERS KLUWER _c2025 |
||
| 300 | _a729 | ||
| 650 | _aPHYSIOLOGY | ||
| 653 | _aLIPPINCOTT, ILLUSTRATED, REVIEWS, PHYSIOLOGY | ||
| 942 |
_2ddc _cBK _01 |
||
| 999 |
_c29164 _d29164 |
||